000 01136cab a22001935a 4500
001 L153109
008 110608e2011 xxk 000 0 eng d
035 _a(Sirsi) u153109
041 0 _aeng
100 1 _aEade, Christine
245 0 0 _aMarkets
_bEssex
260 _c2011
490 0 _aProperty Week
_v77(21) 27 May 2011, 41-48(4)
520 _aSainsbury's hopes to redevelop Southend United's Roots Hall stadium as a store with a new stadium being developed at the club's Fossetts Farm training ground. Lakeside Shopping Centre celebratesc its 21st anniversary on 25 October 2011. Basildon's Sporting Village, the £38m publicly funded Olympic training facility has opened its doors and Barratt Homes plan to build 123 houses at the vacated sports facilities in Gloucester Park, Basildon. Kingsway International Christian Centre is waiting on permission to convert a former rubber and plastics factory in West Thurrock into its new church. Morrisons will be the 36 000 sq ft anchor of Laindon town centre.
590 _aKA
651 4 _aEssex
690 _aPROPERTY-COMMERCIAL PROPERTY-COMMERCIAL PROPERTY MARKET
942 _n0
999 _c83191
_d83191